000 00666nam a2200265Ia 4500
005 20260121172623.0
008 008 260114s9999 xx 000 0 eng d
020 _a9783030770150
037 _aEBOOK
040 _aCRL
040 _beng
040 _cCRL
041 _2eng
041 _aeng
084 _qCRL
100 _aNorbert Streitz, Shin'ichi Konomi
_91090643
245 0 _aDistributed, Ambient and Pervasive Interactions
260 _bSpringer
260 _bSpringer
260 _c2021
856 _uhttps://link.springer.com/openurl?genre=book&isbn=978-3-030-77015-0
942 _cEBOOK
999 _c1656383
_d1656383